000 01180nam a2200241Ia 4500
999 _c52006
_d52006
001 19010
003 GE_BSU
005 20210415125911.0
008 181216s2013||||ge |||||||||||||| ||geo||
040 _cGE_BSU
041 _ageo
080 _a81'25 ზ-78
100 _aზოიძე, თეა
_911386
245 _aშემოქმედებითი ბილინგვიზმის პრობლემა /
_cთეა ზოიძე; მეცნ. ხელმძღვ. ქ. სვანიძე; ბათუმის შოთა რუსთაველის სახ-ფო უნ-ტი.
264 _aბათუმი,
_c2013.
300 _a144 გვ. ;
_b30 სმ.
653 _aდისერტაცია
653 _aენათმეცნიერება
653 _aშემოქმედებითი ბილინგვიზმის პრობლემა
700 _aსვანიძე, ქ.
_eსამეცნიერო ხელმძღვანელი
_94537
710 _aბათუმის შოთა რუსთაველის სახ-ფო უნ-ტი.
_911387
942 _cBK
_2udc